01074cam a22002291 4500001001300000003000400013005001700017008004100034010001700075035002000092040004800112042001200160050002300172110005300195245029400248250001300542260006000555300005000615490009100665650005400756610003400810e 21000468 DLC20260227111212.0840109s1921 nyuagf 000 0 eng c ae 21000468  a(OCoLC)10279398 aLibrary, U.S. Office of EducationcScUdDLC apremarc00aGV224.A1bN7 1921a1 aNew York (State).bMilitary Training Commission.00aGeneral plan and syllabus for physical training in the elementary and secondary schools of the state of New York.bAs adopted by the Board of regents of the University of the State of New York upon the report and recommendation of the Military training commission of the state of New York. a[2d ed.] aAlbanybThe University of the state of New York,c1921. a4 v.bfronts., illus. (music) plates.c23 cm.0 aUniversity of the state of New York bulletinvnos. 721-724, Nov. l, 1920-Dec. 15, 1920 0aPhysical education and trainingzNew York (State)20aState University of New York.